000 00630nam a2200205Ia 4500
999 _c36438
_d36438
001 2353
003 GE_BSU
005 20221027115902.0
008 181216s2010en xx |||||||||||||| ||eng||
020 _a9789549590098
040 _cGE_BSU
041 _aeng
080 _a61(497.2) C-29
245 _aCase Work and Social Control in the 20th Century
264 _aSofia,
_c2010.
300 _a185 c.:
653 _aCase Work and Control in the 20th Century
653 _aსაქმე სამუშაო და სოციალური კონტროლი მე-20 საუკუნეში
942 _cBK
_2udc